000 01060nam a2200241Ia 4500
999 _c52683
_d52683
001 19707
003 GE_BSU
005 20200330230801.0
008 181216s1976||||ge |||||||||||||| ||geo||
040 _cGE_BSU
041 _ageo
080 _a811.353.1'342 უ-30
100 _aუთურგაიძე, თ.
_97216
245 _aქართული ენის ფონემატური სტრუქტურა /
_cთ. უთურგაიძე ; რედ. ზ. ჯაფარიძე.
264 _aთბილისი:
_bმეცნიერება,
_c1976.
300 _a218 გვ. ;
_c 21 სმ.
541 _h2ლ.30თ.
653 _aქართული ენა
653 _aქართული ენის ფონემატური სტრუქტურა
700 _aჯაფარიძე, ზ.
_eრედაქტორი
_97684
710 _aსაქ. სსრ მეცნ. აკად. ენათმეცნიერების ინსტიტუტი
_97835
942 _cBK
_2udc